000 00698nam a22002177a 4500
003 UA-OsUOA
001 119339
007 ta
008 20161019b un ||||| |||| 00| 0 ukr d
100 _aДанилишин Б.М.
090 _a330
_bД18
942 _cSA
040 _aUA-OsUOA
_bukr
_cUA-OsUOA
_dUA-OsUOA
245 _aтактика еволюціонізму в сучасному економічному розвитку світу( в аспекті Третьої та Четвертої промислових революцій)
300 _aС.44-62
955 _a0
041 _aukr
080 _a330
773 0 _w119336
650 7 _a330 Економіка взагалі
_2UDC
999 _c405536
_d405536